Quizzes
Events
Quiz Creation
Community
Videos
Private Events
Remove Ads
Sign In
Join for FREE
Feedback
Dark Mode
Quiz Categories
Sports
Geography
Music
Movies
Television
Just For Fun
Miscellaneous
History
Literature
Language
Science
Gaming
Entertainment
Religion
Holiday
For Kids
Quiz Lab
Recent
Popular Today
Quiz Kudos Today
Editor Picks
Curator Picks
Quizzes by...
Day
Popularity
Type
Ratings
Length
Year
Community
Subscriptions
Recent Discussions
Orange Saloon
Badges
Playlists
Quests
Create
Leaderboards
Showdown
Live 5
Trivia Bingo
Activity
Puzzle Library
Sporcle Events
Private Events
Virtual Trivia
Globe League
Become a Host
Pub Owners
SporcleCon
Opinionation
Our Games
Videos
Blog
Mobile Apps
Partnerships
Remove Ads and Go Orange
Feedback
Gaming
Video Games
Board Games
Card Games
Pokémon
Mario
Nintendo
Minecraft
Console
Toys
Legend of Zelda
Gaming
Video Games
Board Games
Card Games
Pokémon
Mario
Nintendo
Minecraft
Console
Toys
Legend of Zelda
Random Quiz
Search Sporcle
×
Quiz Lab
Quiz Lab
Gaming
Pokémon
Type in answers that appear in a list
Type in answers that appear in a list
Classic
Best Score? Go Orange.
Unova Dex: Pokémon Black 2 & White 2 Stats
Can you name the Pokémon that are in the extended Unova Dex in Pokémon Black 2 & White 2?
By
GeneralSecura
20m
300 Questions
1,118 Plays
1,118 Plays
1,118 Plays
Comments
Comments
Give Quiz Kudos
Give Quiz Kudos
-
- Ratings
hide this ad
More Info
Replay
Link that replays current quiz
Next Quiz
Link to next quiz in quiz playlist
You Got
0%
They Got
Avg Score
85%
Avg Friend Score
Upgrade to see
Score Distribution
Jump to the score distribution portion of the page
Score
0/300
Timer
20:00
0
Plays Today
Pokémon
% Correct
Snivy
98.2%
Tepig
97.9%
Emboar
97.8%
Servine
97.3%
Pignite
97.3%
Serperior
97.1%
Oshawott
97%
Victini
96.9%
Dewott
96.8%
Samurott
96.3%
Patrat
96.3%
Watchog
96.2%
Pidove
95.4%
Unfezant
94.8%
Lillipup
94.8%
Herdier
94.7%
Tranquill
94.6%
Purrloin
94.5%
Stoutland
94.2%
Liepard
93.9%
Reshiram
93.3%
Leavanny
93.2%
Zekrom
93.2%
Sandile
93%
Sewaddle
92.8%
Simisage
92.8%
Pansear
92.7%
Panpour
92.7%
Swadloon
92.6%
Simipour
92.6%
Pansage
92.5%
Simisear
92.5%
Venipede
92.5%
Kyurem
92.3%
Whirlipede
92.2%
Scolipede
92%
Magmar
91.9%
Magby
91.9%
Elekid
91.9%
Krokorok
91.6%
Magmortar
91.4%
Magnemite
91.3%
Electabuzz
91.3%
Boldore
91.3%
Cobalion
91.3%
Krookodile
91.2%
Gigalith
91.1%
Magneton
91.1%
Magnezone
91.1%
Virizion
91.1%
Timburr
91%
Drilbur
91%
Mareep
90.9%
Excadrill
90.9%
Eevee
90.9%
Terrakion
90.9%
Lucario
90.8%
Roggenrola
90.8%
Darumaka
90.8%
Gurdurr
90.7%
Ampharos
90.6%
Riolu
90.6%
Axew
90.6%
Darmanitan
90.5%
Conkeldurr
90.4%
Emolga
90.4%
Flaaffy
90.3%
Koffing
90.3%
Vaporeon
90.3%
Flareon
90.3%
Basculin
90.3%
Zebstrika
90.3%
Haxorus
90.3%
Weezing
90.2%
Jolteon
90.2%
Electivire
90.1%
Fraxure
90.1%
Yamask
90%
Audino
89.9%
Espeon
89.9%
Blitzle
89.9%
Hydreigon
89.8%
Umbreon
89.8%
Leafeon
89.8%
Muk
89.7%
Jellicent
89.7%
Deino
89.6%
Grimer
89.6%
Keldeo
89.5%
Frillish
89.4%
Glaceon
89.4%
Litwick
89.4%
Chandelure
89.3%
Beartic
89.3%
Woobat
89.2%
Maractus
89.2%
Zubat
89.1%
Cofagrigus
89.1%
Golbat
89%
Crobat
89%
Pokémon
% Correct
Swoobat
89%
Gothitelle
89%
Zweilous
88.8%
Solosis
88.8%
Cubchoo
88.8%
Carracosta
88.7%
Archeops
88.6%
Gothita
88.6%
Reuniclus
88.6%
Deerling
88.6%
Lampent
88.6%
Arcanine
88.5%
Growlithe
88.4%
Braviary
88.4%
Sigilyph
88.3%
Tirtouga
88.3%
Ducklett
88.3%
Swanna
88.3%
Rufflet
88.2%
Mandibuzz
88.2%
Palpitoad
88.2%
Cottonee
88.1%
Archen
88.1%
Duosion
88.1%
Tympole
88%
Cryogonal
87.9%
Landorus
87.9%
Meloetta
87.8%
Gothorita
87.8%
Tornadus
87.7%
Vullaby
87.7%
Thundurus
87.7%
Seismitoad
87.7%
Marill
87.6%
Trubbish
87.6%
Sawk
87.5%
Klink
87.5%
Sawsbuck
87.5%
Garbodor
87.4%
Whimsicott
87.3%
Azumarill
87.2%
Onix
87.2%
Munna
87.2%
Steelix
87.1%
Klinklang
87.1%
Azurill
87%
Lilligant
87%
Musharna
87%
Klang
86.9%
Vanilluxe
86.9%
Petilil
86.9%
Throh
86.6%
Vanillite
86.6%
Joltik
86.6%
Tynamo
86.6%
Druddigon
86.5%
Scraggy
86.3%
Eelektross
86.2%
Vanillish
86.1%
Scrafty
86.1%
Volcarona
86%
Galvantula
86%
Dwebble
86%
Crustle
85.9%
Ferroseed
85.7%
Larvesta
85.6%
Clefairy
85.4%
Ferrothorn
85.4%
Eelektrik
85.3%
Clefable
85.2%
Metang
85.2%
Cleffa
85.2%
Minccino
85.1%
Metagross
85%
Beldum
85%
Alomomola
85%
Cinccino
84.8%
Shelmet
84.8%
Accelgor
84.7%
Durant
84.7%
Zorua
84.6%
Karrablast
84.6%
Rattata
84.5%
Flygon
84.4%
Psyduck
84.3%
Raticate
84.3%
Zoroark
84.3%
Escavalier
84.3%
Heatmor
84.2%
Golduck
84%
Trapinch
84%
Bisharp
84%
Mienfoo
83.9%
Vibrava
83.7%
Pawniard
83.7%
Golurk
83.5%
Bouffalant
83.5%
Golett
83.5%
Mienshao
83.4%
Heracross
82.7%
Pokémon
% Correct
Wailord
82.7%
Tyranitar
82.6%
Vulpix
82.6%
Sandslash
82.6%
Elgyem
82.6%
Pupitar
82.5%
Ninetales
82.4%
Wailmer
82.4%
Larvitar
82.3%
Sandshrew
82.3%
Pinsir
82.1%
Jigglypuff
82%
Foongus
81.9%
Beheeyem
81.8%
Wigglytuff
81.8%
Igglybuff
81.7%
Banette
81.6%
Dunsparce
81.4%
Shuppet
81.4%
Sneasel
80.9%
Weavile
80.9%
Mantine
80.9%
Amoonguss
80.8%
Sunkern
80.7%
Sunflora
80.7%
Aron
80.7%
Skarmory
80.7%
Swinub
80.6%
Numel
80.6%
Aggron
80.5%
Mantyke
80.5%
Mamoswine
80.4%
Piloswine
80.4%
Camerupt
80.3%
Stunfisk
80.3%
Lapras
80.3%
Lairon
80%
Delcatty
79.6%
Lopunny
79.5%
Skitty
79.4%
Roselia
79.4%
Buneary
79.3%
Roserade
79.2%
Budew
79.2%
Dewgong
78.5%
Skorupi
78.5%
Staryu
78.5%
Starmie
78.5%
Seel
78.4%
Drapion
78.4%
Zangoose
78.3%
Nosepass
78.2%
Seviper
78.2%
Tangela
77.8%
Probopass
77.7%
Toxicroak
77.6%
Combee
77.6%
Spheal
77.6%
Croagunk
77.5%
Tangrowth
77.5%
Sealeo
77.4%
Pelipper
77.2%
Walrein
77.1%
Wingull
77%
Vespiquen
76.8%
Swablu
76.8%
Altaria
76.8%
Absol
76.7%
Drifloon
76.1%
Drifblim
76.1%
Yanma
76%
Tropius
75.9%
Solrock
75.9%
Lunatone
75.8%
Yanmega
75.8%
Gligar
75.1%
Gliscor
75.1%
Remoraid
75.1%
Castform
74.6%
Octillery
74.5%
Spoink
74.2%
Grumpig
74.2%
Floatzel
74.1%
Claydol
74.1%
Baltoy
74%
Buizel
73.9%
Ditto
73.3%
Corsola
73.3%
Lickitung
72.6%
Lickilicky
72.3%
Delibird
72.3%
Slakoth
71.5%
Carnivine
71.3%
Vigoroth
71.1%
Slaking
71%
Crawdaunt
70%
Corphish
69.9%
Bronzor
69.4%
Bronzong
69.3%
Shuckle
66.5%
Quiz Playlist
Details
Report
Send in Message
Add To Playlist
More Info:
The Unova Dex actually contains 301 Pokémon, but I left out Genesect because we're not supposed to know of its existence yet.
Classic:
Type in answers that appear in a list
Last Updated: May 16, 2017
Quiz Scoreboard
CHALLENGE
Sign Up to Join the Scoreboard
Show All
Scores
Hide
Comments
May contain spoilers
Recently Published
College Basketball Coaching Resumes
by pancakes188
Sports
9m
Billboard Blitz: Fleetwood Mac
by CooCooCachoo
Music
15s
Presidents Visiting Landmarks
by Hejman
History
7m
More to Explore
Quiz From the Vault
Featured Blog Post
Where Did the Easter Bunny Come From?
hide this ad
You Might Also Like...
Tags
Pokémon Quiz
black
Dex
Extended
White
Today's Top Quizzes in Gaming
Browse Gaming
hide this ad
Today's Top Quizzes in Pokémon
Browse Pokémon
Top Contributed Quizzes in Gaming
1
5-to-1: Consoles
2
7-to-1: Board Game Piece Blitz
3
5-to-1: Legend of Zelda
4
League of Legends Pro Players by Career/Team History
5
Destiny 2 exotic weapons by perk icons
6
Ultimate Genshin Impact Logic Puzzle (up to 4.3)
7
Franchise by Action Figure
8
Who's on the WWE 2K24 Cover?
9
Genshin Impact Logic Puzzle Quiz
10
Overwatch Logic Puzzle
Explore More
Trending Topics
Kpop
Marvel
Anime
Disney
NBA
Crossword
Harry Potter
The Office
Pokémon
Country
Song
WWE
NFL
Soccer
Puzzle
hide this ad
More By:
GeneralSecura
Quiz
Plays
Rating
Category
Featured
Created
Ben 10 Alien Species Match
5,971
4.71
Television
Feb 4, 2013
Marvel VS Capcom Characters
4,344
4.73
Gaming
Aug 22, 2011
Pokémon Characters
2,641
4.25
Gaming
Sep 30, 2013
Pokémon of Gym Leaders (Stadium Edition)
2,076
4.71
Gaming
Nov 1, 2011
Name that Digimon
1,818
3.00
Gaming
Mar 19, 2019
Go to Creator's Profile
Score Distribution
Quiz Creator Spotlight
GeneralSecura
Follow
Send a Message
Quizzes Created
-
Created Quiz Play Count
-
More By This Creator
Popular Quizzes Today
1
Find the US States - No Outlines Minefield
2
Find the Countries of Europe - No Outlines Minefield
3
The Countries of the World
4
Find the US States
5
Risky Map Clicking: Biggest States A-Z
6
US States
7
Popular People in 1961
8
Movies - When Are They Set?
More Gaming Quizzes
Super Mario Rainbow
Published
Trending Quizzes
Risky Map Clicking: Least Populous States A-Z
1-10 Letter G Words
1-10 Letter F Words
Risky Map Clicking: Next State Alphabetically
Risky Map Clicking: Biggest States A-Z
Recently Updated
Leaping Animals
pecheneg
Reality TV Shows (A-Z)
bhenderson79
Rickey Henderson's Hall of Fame Teammates
pecheneg
Champions League XIs: Arsenal
pecheneg
Quick Pick: Celebrities in WWE's Hall of Fame
aduchscher
A-Z Keypad Blitz II
pecheneg
Multiple Oscar Actors
pecheneg
Mystery Phrase Blitz: Oscar 'Best Actors'
pecheneg
F. Scott Fitzgerald Novels
LTH
Pick 3 Villains
ddd62291
Trending Topics
Disney
Anime
Harry Potter
Crossword
Kpop
Marvel
NBA
Song
WWE
NFL
Puzzle
The Office
Soccer
Pokémon
Country
Your Account Isn't Verified!
In order to create a playlist on Sporcle, you need to verify the email address you used during registration. Go to your
Sporcle Settings
to finish the process.
Report this User
Report this user for behavior that violates our
Community Guidelines
.
Details:
Send Report
Go to the Sporcle.com Mobile Site →
Comments